LEADER 01136nam a2200265 4500 001 000000345930 003 CaOOAMICUS 005 20210511114629.0 008 210511s1983 it 000 u ita r 020 $a88-350-7272-7 040 $aSeMil$bita 245 10$a2: Dall'Umanesimo a Kant. 264 1$aBrescia :$bLa Scuola,$c1983. 300 $aXXIV, 735 p. :$bill. ;$c24 cm 700 1 $aReale, Giovanni,$d<1931-2014>.$0(OLS)http://semarc/name/74 700 1 $aAntiseri, Dario,$d<1940- >.$0(OLS)http://semarc/name/3807 773 0 $aReale, Giovanni <1931-2014>$tPensiero occidentale dalle origini ad oggi.$dBrescia : La Scuola, 1983.$w()345927 850 $aSeMil 852 $aSeMil$W1$xVenegono$y1$m2P IV 822$j226343$B236975$CSeMilBibl$Z2$F236975 $81 961 $aVolume con evidenti e diffuse sottolineature e/o annotazioni (a matita e penna) 961 $aMagni don Walter - Omaggio 996 $6020$a88-350-7272-7$9(OLS)http://semarc/number/293165 996 $6245$a2: Dall'Umanesimo a Kant$9(OLS)http://semarc/title/435103 996 $6264$aBrescia :$bLa Scuola$9(OLS)http://semarc/publisher/29831 LEADER 01153nam a2200289 i 4500 001 000000110732 003 CaOOAMICUS 005 20090828000000.0 008 090828s1980 fr u000 u fre u 013 $a83413 020 $a2-7189-0167-5 040 $aSeMil$bita 100 1 $aRigal, Jean,$d<1929- >.$0(OLS)http://semarc/name/22321 245 10$aMinistères dans l'église :$baujourd'hui et demain /$cJean Rigal. 260 $aParis :$bDesclée,$c1980. 300 $a348 p. ;$c22 cm. 500 $aFondo Card. C.M. Martini. 650 4$aTeologia del ministero.$0(OLS)http://semarc/subject/5387 650 4$aTeologia pastorale.$0(OLS)http://semarc/subject/721 650 4$aVocazione sacerdotale.$0(OLS)http://semarc/subject/46 850 $aSeMil 852 $aSeMil$W1$xVenegono$y1$m2B III 35$j66595$B66595$CSeMilBibl$Z2$F91693 $81 941 1 $a4 961 $aOmaggio: Martini Card. Carlo Maria 996 $6020$a2-7189-0167-5$9(OLS)http://semarc/number/92636 996 $6245$aMinistères dans l'église :$baujourd'hui et demain$9(OLS)http://semarc/title/160999 996 $6260$aParis :$bDesclée$9(OLS)http://semarc/publisher/29855